[Event "GER-chT U16"]
[Site "Verden an der Aller"]
[Date "2009.12.30"]
[Round "7.2"]
[White "Stahnecker, Wieland"]
[Black "Bauschmann, Christoph"]
[Result "0-1"]
[WhiteElo "2040"]
[BlackElo "1860"]
[PlyCount "82"]
[EventDate "2009.12.27"]
[EventType "team-swiss"]
[EventRounds "7"]
[EventCountry "GER"]
[SourceTitle "EXT 2022"]
[Source "ChessBase"]
[SourceDate "2021.10.06"]
[SourceVersion "1"]
[SourceVersionDate "2021.10.06"]
[SourceQuality "1"]
[WhiteTeam "Koblenz VfR U16"]
[BlackTeam "Stader SV U16"]
[WhiteTeamCountry "GER"]
[BlackTeamCountry "GER"]

1. e4 c5 2. Nf3 Nc6 3. d4 cxd4 4. Nxd4 e5 5. Nb5 d6 6. N1c3 a6 7. Na3 b5 8. Nd5 Nce7 9. Bg5 f6 10. Be3 Nxd5 11. Qxd5 Rb8 12. 0-0-0 Bb7 13. Qe6+ Qe7 14. Qg4 Qf7 15. c4 Rc8 16. Kb1 bxc4 17. Nxc4 Rxc4 18. Bxc4 Qxc4 19. f3 Bc8 20. Qg3 Be6 21. b3 Qb5 22. Bc1 Kf7 23. Qf2 d5 24. Qa7+ Kg6 25. Qa8 Bb4 26. exd5 Bf5+ 27. Ka1 Bc2 28. Rdf1 Bc3+ 29. Bb2 Qa5 30. g4 Nh6 31. Qxh8 Bxb3 32. Qe8+ Nf7 33. a4 Qb4 34. Rf2 Qa3+ 35. Kb1 Qa2+ 36. Kc1 Bxb2+ 37. Rxb2 Qa1+ 38. Kd2 Qxb2+ 39. Kd3 Qd4+ 40. Ke2 Bc4+ 41. Ke1 Qe3+ 0-1

[Event "GER-chT U16"]
[Site "Verden an der Aller"]
[Date "2009.12.29"]
[Round "5.2"]
[White "Stahnecker, Wieland"]
[Black "Schreyer, Erik"]
[Result "1-0"]
[WhiteElo "2040"]
[BlackElo "1821"]
[PlyCount "63"]
[EventDate "2009.12.27"]
[EventType "team-swiss"]
[EventRounds "7"]
[EventCountry "GER"]
[SourceTitle "EXT 2022"]
[Source "ChessBase"]
[SourceDate "2021.10.06"]
[SourceVersion "1"]
[SourceVersionDate "2021.10.06"]
[SourceQuality "1"]
[WhiteTeam "Koblenz VfR U16"]
[BlackTeam "Herzogenrath U16"]
[WhiteTeamCountry "GER"]
[BlackTeamCountry "GER"]

1. e4 d5 2. exd5 Qxd5 3. Nc3 Qa5 4. d4 Nf6 5. Bc4 Bg4 6. Nf3 e6 7. h3 Qh5 8. Be2 Nc6 9. 0-0 Bxf3 10. Bxf3 Qg6 11. Nb5 0-0-0 12. c3 Nd5 13. Qb3 f6 14. Re1 Qf7 15. c4 Nb6 16. Bxc6 bxc6 17. Nxa7+ Kb7 18. c5 Kxa7 19. cxb6+ cxb6 20. Be3 Rd5 21. a4 Qc7 22. Qc3 Bd6 23. b4 e5 24. a5 Kb7 25. axb6 Qxb6 26. dxe5 Bxe5 27. Qa3 Qb5 28. Qa7+ Kc8 29. Qa8+ Kd7 30. Ra7+ Ke6 31. Qxh8 Qxb4 32. Qc8+ 1-0

[Event "GER-chT U16"]
[Site "Verden an der Aller"]
[Date "2009.12.27"]
[Round "1.2"]
[White "Buecker, Florian"]
[Black "Stahnecker, Wieland"]
[Result "1/2-1/2"]
[WhiteElo "1628"]
[BlackElo "2040"]
[PlyCount "79"]
[EventDate "2009.12.27"]
[EventType "team-swiss"]
[EventRounds "7"]
[EventCountry "GER"]
[SourceTitle "EXT 2022"]
[Source "ChessBase"]
[SourceDate "2021.10.06"]
[SourceVersion "1"]
[SourceVersionDate "2021.10.06"]
[SourceQuality "1"]
[WhiteTeam "Bamberg SC U16"]
[BlackTeam "Koblenz VfR U16"]
[WhiteTeamCountry "GER"]
[BlackTeamCountry "GER"]

1. d4 Nf6 2. Nf3 e6 3. c4 b6 4. g3 Bb7 5. Bg2 d6 6. Nc3 Be7 7. 0-0 0-0 8. Qc2 c5 9. d5 exd5 10. cxd5 Qd7 11. e4 Na6 12. Nh4 g6 13. f4 Rad8 14. Ne2 Nb4 15. Qd1 Ba6 16. a3 Nd3 17. Rb1 Ng4 18. Bh3 Bxh4 19. gxh4 h5 20. Rf3 Nxc1 21. Rxc1 Qe7 22. Nc3 Bc8 23. Qe1 Rfe8 24. Bxg4 hxg4 25. Re3 Qf6 26. Qf2 Kg7 27. Rce1 a6 28. e5 Qf5 29. exd6 Rxe3 30. Qxe3 Rxd6 31. Qe5+ Qf6 32. Qxf6+ Rxf6 33. Ne4 Rxf4 34. Nd6 Bf5 35. Re7 Bd3 36. Nc8 b5 37. Na7 Rd4 38. Rd7 Bf5 39. Rd8 Be4 40. d6 1/2-1/2

[Event "GER-ch U25 op"]
[Site "Willingen"]
[Date "2008.05.15"]
[Round "7"]
[White "Seyrich, Maximilian"]
[Black "Stahnecker, Wieland"]
[Result "0-1"]
[WhiteElo "1943"]
[BlackElo "1733"]
[PlyCount "57"]
[EventDate "2008.05.11"]
[EventType "swiss"]
[EventRounds "9"]
[EventCountry "GER"]
[SourceTitle "CBM 124 Extra"]
[Source "ChessBase"]
[SourceDate "2008.07.03"]
[SourceVersion "1"]
[SourceVersionDate "2008.07.03"]
[SourceQuality "1"]

1. d4 Nf6 2. c4 e5 3. dxe5 Ng4 4. Bf4 g5 5. Bg3 Bg7 6. Nf3 Nc6 7. Nc3 Ngxe5 8. Nxe5 Nxe5 9. e3 d6 10. Qc2 Be6 11. b3 Qf6 12. Rc1 Qg6 13. Qd2 f5 14. Nb5 Qf7 15. c5 d5 16. Qa5 Rc8 17. Be2 f4 18. exf4 gxf4 19. 0-0 0-0 20. Bh4 f3 21. Bxf3 Nxf3+ 22. gxf3 Qxf3 23. Rc3 Bxc3 24. Qxc3 Qxc3 25. Nxc3 c6 26. f4 Rce8 27. Rf2 Rf7 28. Ne2 Bh3 29. Nd4 0-1

[Event "GER-ch U25 op"]
[Site "Willingen"]
[Date "2008.05.13"]
[Round "4"]
[White "Stahnecker, Wieland"]
[Black "Hinz, Arne"]
[Result "1/2-1/2"]
[WhiteElo "1733"]
[BlackElo "1965"]
[PlyCount "43"]
[EventDate "2008.05.11"]
[EventType "swiss"]
[EventRounds "9"]
[EventCountry "GER"]
[SourceTitle "CBM 124 Extra"]
[Source "ChessBase"]
[SourceDate "2008.07.03"]
[SourceVersion "1"]
[SourceVersionDate "2008.07.03"]
[SourceQuality "1"]

1. e4 e5 2. Nf3 Nf6 3. Nxe5 d6 4. Nf3 Nxe4 5. d4 d5 6. Bd3 Bd6 7. 0-0 0-0 8. c4 c6 9. cxd5 cxd5 10. Nc3 Nxc3 11. bxc3 Nd7 12. Rb1 h6 13. Re1 Qc7 14. Bd2 Nf6 15. h3 Bd7 16. Ne5 Rfe8 17. Qf3 Bxe5 18. Rxe5 Rxe5 19. Bf4 Re1+ 20. Rxe1 Qc6 21. Be5 Ne8 22. Rb1 1/2-1/2

[Event "GER-ch U25 op"]
[Site "Willingen"]
[Date "2008.05.12"]
[Round "3"]
[White "Huemmecke, Aaron"]
[Black "Stahnecker, Wieland"]
[Result "0-1"]
[WhiteElo "1466"]
[BlackElo "1733"]
[PlyCount "60"]
[EventDate "2008.05.11"]
[EventType "swiss"]
[EventRounds "9"]
[EventCountry "GER"]
[SourceTitle "CBM 124 Extra"]
[Source "ChessBase"]
[SourceDate "2008.07.03"]
[SourceVersion "1"]
[SourceVersionDate "2008.07.03"]
[SourceQuality "1"]

1. f4 d5 2. Nf3 Nf6 3. e3 e6 4. b3 Be7 5. Bb2 0-0 6. h3 c5 7. d3 Nc6 8. Be2 Rb8 9. 0-0 b5 10. Qe1 c4 11. Ng5 Bc5 12. Rf3 h6 13. Qg3 hxg5 14. Qxg5 Ne8 15. Qh5 Nb4 16. Rg3 f6 17. Na3 Qb6 18. d4 Bd6 19. Qg6 Qc7 20. c3 Nc6 21. h4 Qf7 22. Qc2 f5 23. Rg5 Nf6 24. h5 Ne4 25. Rg6 Ne7 26. Qd1 Nxg6 27. hxg6 Qxg6 28. Bh5 Qg3 29. Qe2 Rf6 30. Rf1 Qh4 0-1